[Event "45th FIDE Chess Olympiad Open"]
[Site "Budapest, Hungary"]
[Date "2024.09.21"]
[Round "10"]
[White "Nielsen, Hogni Egilstoft"]
[Black "Cheng, Bobby"]
[Result "1/2-1/2"]
[Board "90"]
[WhiteFideId "7200404"]
[BlackFideId "4300033"]
[WhiteTitle "FM"]
[BlackTitle "GM"]
[WhiteElo "2379"]
[BlackElo "2588"]
[WhiteTeam "Faroe Islands"]
[BlackTeam "Australia"]
[WhiteClock "0:06:20"]
[BlackClock "0:01:17"]
[Variant "Standard"]

1. e4 {[%clk 1:30:55]}  c5 {[%clk 1:30:55]} 2. Nf3 {[%clk 1:31:08]}  d6 {[%clk 1:31:18]} 3. Bb5+ {[%clk 1:31:15]}  Nd7 {[%clk 1:31:44]} 4. O-O {[%clk 1:31:09]}  a6 {[%clk 1:32:02]} 5. Bd3 {[%clk 1:31:05]}  Ngf6 {[%clk 1:31:44]} 6. c3 {[%clk 1:30:44]}  e6 {[%clk 1:30:48]} 7. Bc2 {[%clk 1:30:12]}  b5 {[%clk 1:29:01]} 8. d4 {[%clk 1:25:28]}  Bb7 {[%clk 1:29:17]} 9. Re1 {[%clk 1:25:33]}  Be7 {[%clk 1:29:33]} 10. Nbd2 {[%clk 1:24:49]}  Qc7 {[%clk 1:28:04]} 11. Nf1 {[%clk 1:23:05]}  O-O {[%clk 1:28:03]} 12. Ng3 {[%clk 1:22:13]}  a5 {[%clk 1:26:29]} 13. Qe2 {[%clk 1:06:49]}  Rfc8 {[%clk 1:17:10]} 14. Bd3 {[%clk 0:52:12]}  b4 {[%clk 1:15:28]} 15. e5 {[%clk 0:49:12]}  dxe5 {[%clk 1:02:18]} 16. dxe5 {[%clk 0:48:05]}  c4 {[%clk 1:01:03]} 17. Bc2 {[%clk 0:44:10]}  Nd5 {[%clk 0:59:47]} 18. Bd2 {[%clk 0:34:12]}  Ba6 {[%clk 0:56:03]} 19. Qe4 {[%clk 0:32:41]}  g6 {[%clk 0:54:27]} 20. Bg5 {[%clk 0:23:07]}  Bf8 {[%clk 0:44:39]} 21. Rad1 {[%clk 0:11:47]}  bxc3 {[%clk 0:41:34]} 22. Qh4 {[%clk 0:07:54]}  cxb2 {[%clk 0:40:01]} 23. Bh6 {[%clk 0:03:38]}  Qd8 {[%clk 0:12:56]} 24. Bg5 {[%clk 0:03:47]}  Qe8 {[%clk 0:12:44]} 25. Ne4 {[%clk 0:02:36]}  Rab8 {[%clk 0:12:23]} 26. Bh6 {[%clk 0:02:20]}  Bxh6 {[%clk 0:11:42]} 27. Qxh6 {[%clk 0:02:39]}  Qf8 {[%clk 0:11:59]} 28. Qh4 {[%clk 0:01:45]}  c3 {[%clk 0:10:08]} 29. Nfg5 {[%clk 0:00:34]}  h6 {[%clk 0:09:26]} 30. Nf3 {[%clk 0:00:32]}  Rb4 {[%clk 0:03:40]} 31. a3 {[%clk 0:00:44]}  Rbc4 {[%clk 0:03:05]} 32. Qh3 {[%clk 0:00:33]}  Rb8 {[%clk 0:01:42]} 33. Nd6 {[%clk 0:00:34]}  Nf4 {[%clk 0:00:32]} 34. Qg3 {[%clk 0:01:03]}  Nh5 {[%clk 0:00:38]} 35. Qh3 {[%clk 0:01:26]}  Nf4 {[%clk 0:01:03]} 36. Qg3 {[%clk 0:01:51]}  b1=Q {[%clk 0:00:41]} 37. Rxb1 {[%clk 0:01:27]}  Rxb1 {[%clk 0:01:06]} 38. Bxb1 {[%clk 0:01:51]}  c2 {[%clk 0:00:38]} 39. Bxc2 {[%clk 0:02:12]}  Nh5 {[%clk 0:01:04]} 40. Qh3 {[%clk 0:00:55]}  Rxc2 {[%clk 0:01:24]} 41. Nd4 {[%clk 0:28:57]}  Rc7 {[%clk 0:23:25]} 42. Qe3 {[%clk 0:24:01]}  Kh7 {[%clk 0:13:12]} 43. Rb1 {[%clk 0:17:38]}  Ng7 {[%clk 0:11:35]} 44. g4 {[%clk 0:17:01]}  Qe7 {[%clk 0:09:59]} 45. Qf4 {[%clk 0:15:29]}  Nc5 {[%clk 0:09:26]} 46. Rb8 {[%clk 0:14:41]}  g5 {[%clk 0:03:19]} 47. Qf3 {[%clk 0:06:57]}  Bd3 {[%clk 0:02:17]} 48. Qa8 {[%clk 0:06:20]}  Kg6 {[%clk 0:01:17]} 1/2-1/2

[Event "45th FIDE Chess Olympiad Open"]
[Site "Budapest, Hungary"]
[Date "2024.09.21"]
[Round "10"]
[White "Sardana, Rishi"]
[Black "Egilstoft, Rogvi"]
[Result "1/2-1/2"]
[Board "91"]
[WhiteFideId "25004301"]
[BlackFideId "7200447"]
[WhiteTitle "IM"]
[BlackTitle "FM"]
[WhiteElo "2477"]
[BlackElo "2278"]
[WhiteTeam "Australia"]
[BlackTeam "Faroe Islands"]
[WhiteClock "0:29:32"]
[BlackClock "0:00:54"]
[Variant "Standard"]

1. e4 {[%clk 1:30:57]}  e5 {[%clk 1:30:39]} 2. Nf3 {[%clk 1:31:23]}  Nc6 {[%clk 1:30:50]} 3. Bc4 {[%clk 1:31:50]}  Nf6 {[%clk 1:30:21]} 4. d3 {[%clk 1:32:17]}  Bc5 {[%clk 1:30:03]} 5. O-O {[%clk 1:32:39]}  a6 {[%clk 1:27:40]} 6. c3 {[%clk 1:33:02]}  d6 {[%clk 1:27:07]} 7. a4 {[%clk 1:33:27]}  Ba7 {[%clk 1:22:55]} 8. Be3 {[%clk 1:26:18]}  O-O {[%clk 1:18:29]} 9. a5 {[%clk 1:22:55]}  Be6 {[%clk 1:05:51]} 10. Bxe6 {[%clk 1:22:54]}  fxe6 {[%clk 1:06:15]} 11. Nbd2 {[%clk 1:15:38]}  Nh5 {[%clk 0:51:15]} 12. g3 {[%clk 1:10:34]}  Bxe3 {[%clk 0:44:54]} 13. fxe3 {[%clk 1:10:59]}  Qf6 {[%clk 0:40:23]} 14. Qb3 {[%clk 0:58:24]}  Rab8 {[%clk 0:33:21]} 15. Rf2 {[%clk 0:36:18]}  Qe7 {[%clk 0:25:50]} 16. Qa2 {[%clk 0:27:43]}  Nf6 {[%clk 0:22:23]} 17. Raf1 {[%clk 0:21:20]}  Nd7 {[%clk 0:17:44]} 18. b4 {[%clk 0:19:54]}  Rbe8 {[%clk 0:16:53]} 19. Qb3 {[%clk 0:18:42]}  Rf6 {[%clk 0:16:24]} 20. c4 {[%clk 0:17:36]}  Ref8 {[%clk 0:15:48]} 21. Qc3 {[%clk 0:17:40]}  Qe8 {[%clk 0:13:57]} 22. d4 {[%clk 0:16:42]}  exd4 {[%clk 0:11:54]} 23. exd4 {[%clk 0:17:06]}  Qh5 {[%clk 0:12:03]} 24. Kg2 {[%clk 0:14:36]}  e5 {[%clk 0:08:59]} 25. d5 {[%clk 0:15:02]}  Nd4 {[%clk 0:08:58]} 26. Qe3 {[%clk 0:13:17]}  Rh6 {[%clk 0:05:52]} 27. Kg1 {[%clk 0:11:57]}  Rhf6 {[%clk 0:04:04]} 28. Kg2 {[%clk 0:09:03]}  Rh6 {[%clk 0:04:28]} 29. h4 {[%clk 0:08:11]}  Rhf6 {[%clk 0:03:57]} 30. Qg5 {[%clk 0:04:54]}  Qe8 {[%clk 0:02:42]} 31. Qe3 {[%clk 0:03:33]}  Qh5 {[%clk 0:02:20]} 32. Nb3 {[%clk 0:03:44]}  Nxb3 {[%clk 0:01:54]} 33. Qxb3 {[%clk 0:04:12]}  h6 {[%clk 0:01:38]} 34. Qe3 {[%clk 0:04:26]}  Rg6 {[%clk 0:01:42]} 35. Nd2 {[%clk 0:02:31]}  Qxh4 {[%clk 0:01:30]} 36. Rxf8+ {[%clk 0:02:45]}  Nxf8 {[%clk 0:01:59]} 37. c5 {[%clk 0:02:45]}  Nd7 {[%clk 0:01:45]} 38. c6 {[%clk 0:02:36]}  bxc6 {[%clk 0:02:01]} 39. dxc6 {[%clk 0:03:05]}  Nf6 {[%clk 0:02:05]} 40. b5 {[%clk 0:01:38]}  Nh5 {[%clk 0:00:54]} 41. Rf3 {[%clk 0:29:32]} 1/2-1/2

[Event "45th FIDE Chess Olympiad Open"]
[Site "Budapest, Hungary"]
[Date "2024.09.21"]
[Round "10"]
[White "Apol, Luitjen Akselsson"]
[Black "Zhao, Zong-Yuan"]
[Result "1-0"]
[Board "92"]
[WhiteFideId "7202466"]
[BlackFideId "3202534"]
[BlackTitle "GM"]
[WhiteElo "2219"]
[BlackElo "2478"]
[WhiteTeam "Faroe Islands"]
[BlackTeam "Australia"]
[WhiteClock "0:07:57"]
[BlackClock "0:01:29"]
[Variant "Standard"]

1. d4 {[%clk 1:30:54]}  Nf6 {[%clk 1:30:13]} 2. Nf3 {[%clk 1:31:09]}  e6 {[%clk 1:30:07]} 3. c4 {[%clk 1:30:15]}  d5 {[%clk 1:30:18]} 4. Nc3 {[%clk 1:30:31]}  c6 {[%clk 1:30:43]} 5. e3 {[%clk 1:29:01]}  Nbd7 {[%clk 1:30:56]} 6. Bd3 {[%clk 1:23:56]}  dxc4 {[%clk 1:31:01]} 7. Bxc4 {[%clk 1:24:24]}  b5 {[%clk 1:31:13]} 8. Bd3 {[%clk 1:24:43]}  Bb7 {[%clk 1:31:21]} 9. O-O {[%clk 1:21:52]}  a6 {[%clk 1:31:29]} 10. e4 {[%clk 1:21:02]}  c5 {[%clk 1:31:54]} 11. d5 {[%clk 1:21:19]}  Qc7 {[%clk 1:29:11]} 12. dxe6 {[%clk 1:15:22]}  fxe6 {[%clk 1:26:27]} 13. Bc2 {[%clk 1:15:32]}  c4 {[%clk 1:14:18]} 14. Ne2 {[%clk 1:13:02]}  e5 {[%clk 1:02:30]} 15. Ng3 {[%clk 1:09:19]}  Nc5 {[%clk 1:00:19]} 16. Qe2 {[%clk 1:07:39]}  Bd6 {[%clk 0:51:05]} 17. Rd1 {[%clk 1:03:17]}  g6 {[%clk 0:45:09]} 18. Bh6 {[%clk 0:52:48]}  Ng4 {[%clk 0:41:59]} 19. Bg5 {[%clk 0:42:00]}  Ne6 {[%clk 0:32:12]} 20. h3 {[%clk 0:37:09]}  Nxg5 {[%clk 0:31:44]} 21. Nxg5 {[%clk 0:37:27]}  Nf6 {[%clk 0:32:01]} 22. a4 {[%clk 0:28:44]}  Ke7 {[%clk 0:21:30]} 23. b3 {[%clk 0:20:23]}  Bc5 {[%clk 0:13:05]} 24. bxc4 {[%clk 0:17:05]}  bxc4 {[%clk 0:13:34]} 25. Rab1 {[%clk 0:17:27]}  Rab8 {[%clk 0:12:44]} 26. Nf1 {[%clk 0:16:31]}  Bd4 {[%clk 0:08:23]} 27. Ne3 {[%clk 0:15:54]}  Rhd8 {[%clk 0:02:07]} 28. Nxc4 {[%clk 0:14:47]}  Bc6 {[%clk 0:01:40]} 29. Rxb8 {[%clk 0:12:47]}  Qxb8 {[%clk 0:02:08]} 30. Na5 {[%clk 0:12:17]}  Qb6 {[%clk 0:02:13]} 31. Qc4 {[%clk 0:08:34]}  Bxf2+ {[%clk 0:01:08]} 32. Kh2 {[%clk 0:08:04]}  Be8 {[%clk 0:00:54]} 33. Rb1 {[%clk 0:07:48]}  Qd6 {[%clk 0:00:37]} 34. Nb7 {[%clk 0:07:34]}  Qc6 {[%clk 0:00:33]} 35. Qxc6 {[%clk 0:07:14]}  Bxc6 {[%clk 0:01:01]} 36. Nxd8 {[%clk 0:07:37]}  Kxd8 {[%clk 0:01:29]} 37. Rf1 {[%clk 0:07:57]} 1-0

[Event "45th FIDE Chess Olympiad Open"]
[Site "Budapest, Hungary"]
[Date "2024.09.21"]
[Round "10"]
[White "Atabayev, Saparmyrat"]
[Black "Tin, Jingyao"]
[Result "1/2-1/2"]
[Board "93"]
[WhiteFideId "14000571"]
[BlackFideId "5804418"]
[WhiteTitle "IM"]
[BlackTitle "GM"]
[WhiteElo "2516"]
[BlackElo "2580"]
[WhiteTeam "Turkmenistan"]
[BlackTeam "Singapore"]
[WhiteClock "0:19:40"]
[BlackClock "0:07:30"]
[Variant "Standard"]

1. e4 {[%clk 1:30:58]}  e5 {[%clk 1:30:43]} 2. Nf3 {[%clk 1:31:20]}  Nc6 {[%clk 1:31:04]} 3. Bb5 {[%clk 1:31:25]}  a6 {[%clk 1:31:17]} 4. Ba4 {[%clk 1:31:50]}  d6 {[%clk 1:31:31]} 5. Bxc6+ {[%clk 1:31:40]}  bxc6 {[%clk 1:31:50]} 6. d4 {[%clk 1:32:10]}  exd4 {[%clk 1:31:52]} 7. Qxd4 {[%clk 1:31:17]}  Nf6 {[%clk 1:32:02]} 8. O-O {[%clk 1:29:06]}  Be7 {[%clk 1:32:23]} 9. e5 {[%clk 1:24:42]}  c5 {[%clk 1:32:24]} 10. Qd3 {[%clk 1:24:49]}  dxe5 {[%clk 1:32:08]} 11. Qxd8+ {[%clk 1:25:04]}  Bxd8 {[%clk 1:31:19]} 12. Nxe5 {[%clk 1:25:27]}  Be7 {[%clk 1:29:28]} 13. Re1 {[%clk 1:23:42]}  Be6 {[%clk 1:27:04]} 14. Nc3 {[%clk 1:22:29]}  O-O {[%clk 1:20:17]} 15. Bg5 {[%clk 1:21:45]}  Bd6 {[%clk 1:18:48]} 16. Bxf6 {[%clk 1:18:49]}  gxf6 {[%clk 1:19:09]} 17. Nf3 {[%clk 1:19:08]}  Rfd8 {[%clk 1:14:36]} 18. Ne4 {[%clk 1:09:40]}  Be7 {[%clk 1:13:22]} 19. Ng3 {[%clk 1:08:47]}  a5 {[%clk 1:06:17]} 20. Nh5 {[%clk 1:00:34]}  Kf8 {[%clk 1:02:33]} 21. Nf4 {[%clk 1:00:29]}  Bf5 {[%clk 1:00:08]} 22. Re2 {[%clk 1:00:50]}  Rab8 {[%clk 0:42:38]} 23. b3 {[%clk 0:59:31]}  c4 {[%clk 0:40:24]} 24. bxc4 {[%clk 0:56:36]}  c6 {[%clk 0:39:40]} 25. c3 {[%clk 0:48:11]}  Bc5 {[%clk 0:38:28]} 26. g3 {[%clk 0:37:12]}  a4 {[%clk 0:35:00]} 27. Kg2 {[%clk 0:35:46]}  a3 {[%clk 0:25:32]} 28. Nd4 {[%clk 0:35:46]}  Bxd4 {[%clk 0:25:06]} 29. cxd4 {[%clk 0:36:13]}  Rxd4 {[%clk 0:24:37]} 30. Re3 {[%clk 0:26:05]}  Ra8 {[%clk 0:24:34]} 31. Rc1 {[%clk 0:22:19]}  Rd2 {[%clk 0:21:53]} 32. Re2 {[%clk 0:22:45]}  Rxe2 {[%clk 0:20:56]} 33. Nxe2 {[%clk 0:23:14]}  Ra4 {[%clk 0:20:00]} 34. Nf4 {[%clk 0:14:37]}  Ke7 {[%clk 0:08:49]} 35. Kf3 {[%clk 0:14:42]}  Kd6 {[%clk 0:09:11]} 36. Ke3 {[%clk 0:13:57]}  Kc5 {[%clk 0:08:09]} 37. Nd3+ {[%clk 0:14:09]}  Bxd3 {[%clk 0:08:11]} 38. Kxd3 {[%clk 0:14:38]}  Ra7 {[%clk 0:07:38]} 39. Rc3 {[%clk 0:13:13]}  f5 {[%clk 0:05:00]} 40. h4 {[%clk 0:12:19]}  h6 {[%clk 0:00:38]} 41. Kc2 {[%clk 0:10:58]}  f4 {[%clk 0:28:32]} 42. g4 {[%clk 0:37:29]}  Kd4 {[%clk 0:14:38]} 43. Rd3+ {[%clk 0:35:02]}  Kxc4 {[%clk 0:14:19]} 44. Rf3 {[%clk 0:35:26]}  Kd5 {[%clk 0:14:34]} 45. Rxf4 {[%clk 0:35:46]}  Rb7 {[%clk 0:14:46]} 46. Kc3 {[%clk 0:35:45]}  Rb2 {[%clk 0:14:14]} 47. Rxf7 {[%clk 0:35:14]}  Rxa2 {[%clk 0:14:36]} 48. Rf5+ {[%clk 0:27:02]}  Ke4 {[%clk 0:11:01]} 49. Kb3 {[%clk 0:27:15]}  Ra1 {[%clk 0:09:30]} 50. h5 {[%clk 0:21:39]}  c5 {[%clk 0:07:12]} 51. Rxc5 {[%clk 0:21:14]}  Kf3 {[%clk 0:07:01]} 52. g5 {[%clk 0:20:22]}  hxg5 {[%clk 0:07:17]} 53. Rxg5 {[%clk 0:19:40]}  Kxf2 {[%clk 0:07:30]} 1/2-1/2

[Event "45th FIDE Chess Olympiad Open"]
[Site "Budapest, Hungary"]
[Date "2024.09.21"]
[Round "10"]
[White "Siddharth, Jagadeesh"]
[Black "Annaberdiyev, Meylis"]
[Result "0-1"]
[Board "94"]
[WhiteFideId "5818320"]
[BlackFideId "14000563"]
[WhiteTitle "GM"]
[BlackTitle "GM"]
[WhiteElo "2514"]
[BlackElo "2431"]
[WhiteTeam "Singapore"]
[BlackTeam "Turkmenistan"]
[WhiteClock "0:15:18"]
[BlackClock "0:17:02"]
[Variant "Standard"]

1. d4 {[%clk 1:30:55]}  Nf6 {[%clk 1:30:46]} 2. c4 {[%clk 1:31:17]}  e6 {[%clk 1:31:07]} 3. Nc3 {[%clk 1:31:41]}  Bb4 {[%clk 1:31:12]} 4. e3 {[%clk 1:32:04]}  O-O {[%clk 1:31:12]} 5. Bd3 {[%clk 1:32:22]}  d5 {[%clk 1:29:49]} 6. a3 {[%clk 1:32:36]}  Bxc3+ {[%clk 1:25:16]} 7. bxc3 {[%clk 1:33:00]}  dxc4 {[%clk 1:24:35]} 8. Bxc4 {[%clk 1:33:23]}  b6 {[%clk 1:25:00]} 9. Qf3 {[%clk 1:28:08]}  Ba6 {[%clk 1:20:38]} 10. Qxa8 {[%clk 1:12:09]}  Bxc4 {[%clk 1:21:02]} 11. Qf3 {[%clk 1:12:01]}  e5 {[%clk 1:14:07]} 12. Qd1 {[%clk 1:06:00]}  Qd5 {[%clk 1:06:07]} 13. f3 {[%clk 1:00:11]}  e4 {[%clk 0:56:38]} 14. f4 {[%clk 0:59:43]}  Nc6 {[%clk 0:50:39]} 15. g4 {[%clk 0:35:58]}  Qd7 {[%clk 0:47:32]} 16. f5 {[%clk 0:30:51]}  Na5 {[%clk 0:42:11]} 17. Nh3 {[%clk 0:28:36]}  Nd5 {[%clk 0:34:11]} 18. Bd2 {[%clk 0:27:42]}  Re8 {[%clk 0:34:19]} 19. Nf2 {[%clk 0:24:43]}  Qd8 {[%clk 0:23:02]} 20. h4 {[%clk 0:23:56]}  Nf4 {[%clk 0:19:08]} 21. exf4 {[%clk 0:21:23]}  e3 {[%clk 0:19:32]} 22. Bc1 {[%clk 0:18:06]}  Qd5 {[%clk 0:19:02]} 23. Rh2 {[%clk 0:16:22]}  Bb3 {[%clk 0:16:57]} 24. Qd3 {[%clk 0:15:18]}  Qf3 {[%clk 0:17:02]} 0-1

[Event "45th FIDE Chess Olympiad Open"]
[Site "Budapest, Hungary"]
[Date "2024.09.21"]
[Round "10"]
[White "Shirliyev, Allayar"]
[Black "Wong, Zhenyong Jayden"]
[Result "1/2-1/2"]
[Board "95"]
[WhiteFideId "14004160"]
[BlackFideId "5821975"]
[BlackTitle "FM"]
[WhiteElo "2200"]
[BlackElo "2397"]
[WhiteTeam "Turkmenistan"]
[BlackTeam "Singapore"]
[WhiteClock "0:31:47"]
[BlackClock "0:30:08"]
[Variant "Standard"]

1. e4 {[%clk 1:30:58]}  c6 {[%clk 1:30:53]} 2. d4 {[%clk 1:31:24]}  d5 {[%clk 1:31:16]} 3. Nc3 {[%clk 1:31:48]}  dxe4 {[%clk 1:31:30]} 4. Bc4 {[%clk 1:32:13]}  Nf6 {[%clk 1:31:09]} 5. f3 {[%clk 1:32:38]}  exf3 {[%clk 1:30:29]} 6. Nxf3 {[%clk 1:33:03]}  Bf5 {[%clk 1:30:21]} 7. O-O {[%clk 1:33:24]}  e6 {[%clk 1:30:37]} 8. Ne5 {[%clk 1:33:33]}  Bg6 {[%clk 1:30:00]} 9. Nxg6 {[%clk 1:31:42]}  hxg6 {[%clk 1:29:41]} 10. Qd3 {[%clk 1:31:51]}  Nbd7 {[%clk 1:24:23]} 11. Bf4 {[%clk 1:29:23]}  Nb6 {[%clk 1:16:28]} 12. Bb3 {[%clk 1:26:51]}  Bd6 {[%clk 1:10:27]} 13. Ne4 {[%clk 1:25:13]}  Bxf4 {[%clk 0:58:52]} 14. Rxf4 {[%clk 1:25:29]}  Qc7 {[%clk 0:55:26]} 15. g3 {[%clk 0:50:33]}  Nxe4 {[%clk 0:55:15]} 16. Qxe4 {[%clk 0:50:40]}  Nd5 {[%clk 0:54:47]} 17. Bxd5 {[%clk 0:46:17]}  cxd5 {[%clk 0:55:11]} 18. Qe2 {[%clk 0:45:59]}  Rc8 {[%clk 0:51:42]} 19. Raf1 {[%clk 0:43:39]}  O-O {[%clk 0:51:20]} 20. c3 {[%clk 0:43:09]}  Qc4 {[%clk 0:48:27]} 21. Qg4 {[%clk 0:34:59]}  Qxa2 {[%clk 0:42:20]} 22. Rxf7 {[%clk 0:31:38]}  Rxf7 {[%clk 0:32:41]} 23. Qxe6 {[%clk 0:31:56]}  Rcf8 {[%clk 0:31:45]} 24. Rxf7 {[%clk 0:32:16]}  Rxf7 {[%clk 0:31:50]} 25. Qc8+ {[%clk 0:32:37]}  Kh7 {[%clk 0:30:04]} 26. Qh3+ {[%clk 0:32:56]}  Kg8 {[%clk 0:30:18]} 27. Qc8+ {[%clk 0:33:19]}  Rf8 {[%clk 0:29:56]} 28. Qe6+ {[%clk 0:33:42]}  Kh7 {[%clk 0:29:59]} 29. Qh3+ {[%clk 0:34:06]}  Kg8 {[%clk 0:30:19]} 30. Qe6+ {[%clk 0:34:29]}  Rf7 {[%clk 0:30:08]} 31. Qc8+ {[%clk 0:31:47]} 1/2-1/2

[Event "45th FIDE Chess Olympiad Open"]
[Site "Budapest, Hungary"]
[Date "2024.09.21"]
[Round "10"]
[White "Chia, Yu Zhe Ashton"]
[Black "Halynyazov, Vepaly"]
[Result "0-1"]
[Board "96"]
[WhiteFideId "5821304"]
[BlackFideId "14004020"]
[WhiteTitle "CM"]
[WhiteElo "2224"]
[BlackElo "2049"]
[WhiteTeam "Singapore"]
[BlackTeam "Turkmenistan"]
[WhiteClock "0:07:37"]
[BlackClock "0:04:55"]
[Variant "Standard"]

1. e4 {[%clk 1:30:48]}  e6 {[%clk 1:30:43]} 2. d4 {[%clk 1:31:10]}  d5 {[%clk 1:31:06]} 3. Nd2 {[%clk 1:31:34]}  c5 {[%clk 1:31:02]} 4. exd5 {[%clk 1:31:56]}  Qxd5 {[%clk 1:31:23]} 5. Ngf3 {[%clk 1:32:20]}  cxd4 {[%clk 1:31:43]} 6. Bc4 {[%clk 1:32:42]}  Qd6 {[%clk 1:32:08]} 7. Ne4 {[%clk 1:33:06]}  Qb4+ {[%clk 1:31:25]} 8. Nfd2 {[%clk 1:32:26]}  Nf6 {[%clk 1:17:44]} 9. Nxf6+ {[%clk 1:32:24]}  gxf6 {[%clk 1:18:03]} 10. O-O {[%clk 1:31:26]}  Nc6 {[%clk 1:16:52]} 11. a3 {[%clk 1:26:57]}  Qb6 {[%clk 1:11:02]} 12. b4 {[%clk 1:21:03]}  Bd7 {[%clk 1:07:06]} 13. Ne4 {[%clk 1:12:36]}  Be7 {[%clk 1:05:17]} 14. Qh5 {[%clk 1:12:29]}  Ne5 {[%clk 1:00:49]} 15. Bb3 {[%clk 1:07:25]}  Bc6 {[%clk 0:53:48]} 16. Re1 {[%clk 1:06:52]}  O-O-O {[%clk 0:49:33]} 17. Bf4 {[%clk 1:01:36]}  Ng6 {[%clk 0:47:04]} 18. Bd2 {[%clk 0:53:30]}  Rhg8 {[%clk 0:36:44]} 19. Ng3 {[%clk 0:42:47]}  f5 {[%clk 0:30:22]} 20. Qxh7 {[%clk 0:33:11]}  f4 {[%clk 0:28:14]} 21. Qxf7 {[%clk 0:24:04]}  fxg3 {[%clk 0:27:49]} 22. hxg3 {[%clk 0:16:14]}  e5 {[%clk 0:18:38]} 23. Qh7 {[%clk 0:16:08]}  Rh8 {[%clk 0:18:49]} 24. Qxg6 {[%clk 0:13:44]}  Rh1+ {[%clk 0:18:57]} 25. Kxh1 {[%clk 0:14:10]}  Bxg2+ {[%clk 0:19:18]} 26. Kxg2 {[%clk 0:14:24]}  Qxg6 {[%clk 0:19:43]} 27. Rxe5 {[%clk 0:14:05]}  Qc6+ {[%clk 0:16:26]} 28. f3 {[%clk 0:11:35]}  Bd6 {[%clk 0:16:39]} 29. Re6 {[%clk 0:10:10]}  Qc7 {[%clk 0:16:36]} 30. Rae1 {[%clk 0:09:21]}  Qg7 {[%clk 0:10:36]} 31. g4 {[%clk 0:02:41]}  d3 {[%clk 0:09:20]} 32. c3 {[%clk 0:01:18]}  a6 {[%clk 0:04:33]} 33. g5 {[%clk 0:01:00]}  Kc7 {[%clk 0:03:48]} 34. Rf6 {[%clk 0:01:20]}  Rf8 {[%clk 0:02:51]} 35. Rxf8 {[%clk 0:01:05]}  Qxf8 {[%clk 0:02:53]} 36. g6 {[%clk 0:00:33]}  Qh8 {[%clk 0:03:08]} 37. f4 {[%clk 0:00:40]}  Qh5 {[%clk 0:02:36]} 38. Kf2 {[%clk 0:00:34]}  Qh2+ {[%clk 0:02:20]} 39. Kf3 {[%clk 0:00:33]}  Qxd2 {[%clk 0:02:16]} 40. Re4 {[%clk 0:01:02]}  Qb2 {[%clk 0:01:30]} 41. Rc4+ {[%clk 0:29:33]}  Kb6 {[%clk 0:24:23]} 42. g7 {[%clk 0:29:57]}  Qxb3 {[%clk 0:10:54]} 43. g8=Q {[%clk 0:30:17]}  Qd1+ {[%clk 0:10:58]} 44. Ke4 {[%clk 0:26:03]}  d2 {[%clk 0:07:42]} 45. Qd8+ {[%clk 0:19:47]}  Ka7 {[%clk 0:07:04]} 46. Rd4 {[%clk 0:15:24]}  Qe2+ {[%clk 0:05:22]} 47. Kd5 {[%clk 0:14:57]}  Bxf4 {[%clk 0:04:25]} 48. Qf8 {[%clk 0:11:13]}  d1=Q {[%clk 0:04:44]} 49. Rxd1 {[%clk 0:09:47]}  Qxd1+ {[%clk 0:05:08]} 50. Ke6 {[%clk 0:06:06]}  Qe2+ {[%clk 0:04:34]} 51. Kf5 {[%clk 0:06:24]}  Qe5+ {[%clk 0:04:44]} 52. Kg4 {[%clk 0:06:51]}  Bd2 {[%clk 0:04:37]} 53. c4 {[%clk 0:06:44]}  Qe2+ {[%clk 0:04:26]} 54. Kh3 {[%clk 0:07:02]}  Qh5+ {[%clk 0:04:13]} 55. Kg2 {[%clk 0:07:11]}  Qg4+ {[%clk 0:04:33]} 56. Kh1 {[%clk 0:07:37]}  Qh3+ {[%clk 0:04:55]} 0-1

[Event "45th FIDE Chess Olympiad Open"]
[Site "Budapest, Hungary"]
[Date "2024.09.21"]
[Round "10"]
[White "Gascon Del Nogal, Jose Rafael"]
[Black "Rodrigue-Lemieux, Shawn"]
[Result "1/2-1/2"]
[Board "97"]
[WhiteFideId "3902463"]
[BlackFideId "2620049"]
[WhiteTitle "GM"]
[BlackTitle "GM"]
[WhiteElo "2454"]
[BlackElo "2509"]
[WhiteTeam "Venezuela"]
[BlackTeam "Canada"]
[WhiteClock "0:00:45"]
[BlackClock "0:02:50"]
[Variant "Standard"]

1. d4 {[%clk 1:30:59]}  Nf6 {[%clk 1:30:51]} 2. c4 {[%clk 1:31:26]}  e6 {[%clk 1:31:08]} 3. g3 {[%clk 1:31:48]}  d5 {[%clk 1:31:32]} 4. Nf3 {[%clk 1:32:13]}  dxc4 {[%clk 1:31:52]} 5. Bg2 {[%clk 1:32:34]}  Nc6 {[%clk 1:32:13]} 6. O-O {[%clk 1:25:44]}  Rb8 {[%clk 1:32:36]} 7. a4 {[%clk 1:18:15]}  a6 {[%clk 1:29:36]} 8. Nc3 {[%clk 1:11:00]}  Be7 {[%clk 1:25:20]} 9. e4 {[%clk 1:10:22]}  O-O {[%clk 1:24:05]} 10. a5 {[%clk 0:49:41]}  b5 {[%clk 1:17:35]} 11. axb6 {[%clk 0:49:57]}  cxb6 {[%clk 1:18:00]} 12. Bf4 {[%clk 0:49:12]}  Rb7 {[%clk 1:15:41]} 13. Rxa6 {[%clk 0:42:48]}  Nb4 {[%clk 1:01:55]} 14. Ra8 {[%clk 0:41:52]}  Nd3 {[%clk 1:02:17]} 15. Ne5 {[%clk 0:32:10]}  Qxd4 {[%clk 0:48:44]} 16. Nxd3 {[%clk 0:31:15]}  cxd3 {[%clk 0:46:47]} 17. Be3 {[%clk 0:23:21]}  Qc4 {[%clk 0:44:51]} 18. Ra4 {[%clk 0:22:44]}  Qc7 {[%clk 0:44:00]} 19. Qxd3 {[%clk 0:22:10]}  b5 {[%clk 0:36:55]} 20. Ra8 {[%clk 0:15:34]}  b4 {[%clk 0:30:44]} 21. Na4 {[%clk 0:13:38]}  Bd7 {[%clk 0:17:35]} 22. Rxf8+ {[%clk 0:13:31]}  Bxf8 {[%clk 0:18:00]} 23. Rc1 {[%clk 0:13:12]}  Qe5 {[%clk 0:15:30]} 24. f4 {[%clk 0:02:53]}  Qh5 {[%clk 0:14:08]} 25. e5 {[%clk 0:02:16]}  Bb5 {[%clk 0:11:23]} 26. Qd1 {[%clk 0:01:27]}  Qxd1+ {[%clk 0:09:30]} 27. Rxd1 {[%clk 0:01:56]}  Rd7 {[%clk 0:09:51]} 28. Rxd7 {[%clk 0:00:53]}  Nxd7 {[%clk 0:10:19]} 29. Nb6 {[%clk 0:01:18]}  Bc5 {[%clk 0:10:37]} 30. Bxc5 {[%clk 0:01:42]}  Nxc5 {[%clk 0:11:05]} 31. Bf1 {[%clk 0:00:45]}  Bd3 {[%clk 0:02:50]} 1/2-1/2